| 000 | 00586nam a2200229Ia 4500 | ||
|---|---|---|---|
| 003 | OSt | ||
| 005 | 20220924143232.0 | ||
| 006 | a|||||r|||| 00| 0 | ||
| 007 | ta | ||
| 008 | 220923b |||||||| |||| 00| 0 urd d | ||
| 024 | _a307372 | ||
| 037 | _cTextual | ||
| 040 |
_aARTS _cARTS _burd |
||
| 041 |
_2urd _aurd |
||
| 082 | _aH191v2:M8, 168J8 | ||
| 100 |
_aBukhari Nooruddin _9215157 |
||
| 245 | 0 | _aTareekh - e - kohinoor | |
| 260 | _c1958 | ||
| 650 |
_aGEOLOGY _915465 |
||
| 942 |
_hH191v2:M8, 168J8 _cTEXL _2CC |
||
| 999 |
_c453731 _d453731 |
||